| 000 | 01273nam a22002777a 4500 | ||
|---|---|---|---|
| 999 |
_c372412 _d372412 |
||
| 003 | BLK | ||
| 005 | 20250726095219.0 | ||
| 008 | 200702b bu ||||| |||| 00| 0 bu d | ||
| 022 | _a9786190104421 | ||
| 040 | _aBLK | ||
| 041 |
_aBUL _cBUL |
||
| 080 |
_aОбществено мнение. Отношение между власт и частни лица. Пропаганда _b321.019.5 _z321.019.5 |
||
| 100 |
_aБернайс, Едуард Л. _eпърви автор _91299 |
||
| 139 |
_aБернайс, Едуард Л. _bБ 39 |
||
| 245 |
_aПропаганда _cЕдуард Бернайс; прев. от англ. Денислав Йорданов. |
||
| 260 |
_9210881 _aСофия _bИзток-Запад _c2019 _n978-619-01- ; 978-619-152- ; 978-954-321- ; 954-8945- |
||
| 300 |
_a144 с. _c22 см |
||
| 380 | _a3 | ||
| 500 | _aОриг. загл.: Propaganda / Edward Bernays Биогр. данни за авт. отбелязани на гърба на кор. | ||
| 650 | 7 |
_9168077 _aПропаганда |
|
| 653 | 7 |
_9194728 _aпропаганда |
|
| 700 |
_91021 _aЙорданов, Денислав _eпрев. от англ. |
||
| 852 |
_aЦб 299657 _bЦб |
||
| 942 |
_cKNG _n0 _s1 _012 |
||
| 944 |
_aCR _c2020-07-02 _k30575 _lМартин Енчев |
||